Hospodársky rozvoj Rakúska po roku 1945.

Vymedzenie problému. Dejiny druhej Rakúskej republiky (od vyhlásenia nezávislosti 27. apríla 1945). Charakteristika postupu od obnovy národného hospodárstva k nezávislosti. Podpísanie štátnej zmluvy a vstup do Spoločnosti národov. Niektoré informácie o snahe o hospodársku rovnosť. Klesajúci hospodár...

Descrizione completa

Salvato in:
Dettagli Bibliografici
Autore principale: Wosková, V.
Natura: Capitolo di libro
Lingua:slovacco
Soggetti:
Tags: Aggiungi Tag
Nessun Tag, puoi essere il primo ad aggiungerne!!

MARC

LEADER 00000naa a2200000 4500
001 r005979
005 20221125080743.6
041 0 |a slo 
044 |a [CS] 
245 1 0 |a Hospodársky rozvoj Rakúska po roku 1945.  |c V. Wosková 
520 |a Vymedzenie problému. Dejiny druhej Rakúskej republiky (od vyhlásenia nezávislosti 27. apríla 1945). Charakteristika postupu od obnovy národného hospodárstva k nezávislosti. Podpísanie štátnej zmluvy a vstup do Spoločnosti národov. Niektoré informácie o snahe o hospodársku rovnosť. Klesajúci hospodársky rozmach a stúpajúca nestabilita koncom 60. rokov. Zmeny smerom k reformám v r. 1970. Význam sociálneho partnerstva, vplyv jeho stability na rozvoj. 
610 2 0 |a rozvoj hospodársky 
610 2 0 |a Rakúsko 
610 2 0 |a 1945-1991 
610 2 0 |a dejiny hospodárske 
100 1 |a Wosková, V.